[Event "Sinquefield Cup 6th"]
[Site "Saint Louis"]
[Date "2018.08.27"]
[Round "9"]
[White "Aronian, Levon"]
[Black "Grischuk, Alexander"]
[Result "1-0"]
[WhiteElo "2767"]
[BlackElo "2766"]
[Annotator "Marin,M"]
[PlyCount "67"]
[EventDate "2018.08.18"]
[EventType "tourn"]
[EventRounds "9"]
[EventCountry "USA"]
[EventCategory "22"]
[SourceTitle "CBM 186"]
[Source "ChessBase"]
[SourceDate "2018.09.14"]
[SourceVersion "1"]
[SourceVersionDate "2018.09.14"]
[SourceQuality "1"]

1. d4 Nf6 2. Nf3 d6 3. g3 ({White could have avoided the line introduced by 6..
.e4 with the move order} 3. c4 Nbd7 4. Nc3 e5 5. g3 c6 (5... e4 $2 6. Ng5 {
[%csl Ge4][%cal Gf1g2]}) 6. e4 {, transposing to the Old Indian or King's
Indian Defences, depending on where would Black develop his dark-squared
bishop.}) 3... Nbd7 4. Bg2 e5 5. c4 c6 6. Nc3 e4 $5 {Black uses the move order
chosen by White to gain space in the centre and give the game an original turn.
This is a rare variation at grandmaster level, probably because optically
White gets very good play for his knights and dark-squared bishop. But if
after the probable ...d6-d5 Black manages to defend d5 properly, White will
have problems activating his other bishop. Typically, he would play f2-f3 but
the consequences of this break are far from one-sided.} 7. Nh4 {With the
exception of the awkward looking Ng1, the least popular continuation (even
though this does not reveal much, as many games are between players with lower
ratings). Abstractly, I like it best, as White does not need this knight for
attacking e4 since Black is going to play ...d6-d5 anyway. The knight causes
some problems to the f8-bishop as ...Be7 runs into Nf5 and ...g7-g6 followed
by ...Bg7 is a bit too slow, making f2-f3 more effective.} (7. Ng5 d5 8. cxd5 (
8. h4 h6 9. Nh3 {Grigoryan,A (2616)-Kanarek,M (2474) Legnica 2013 (1-0, 48)}
Bb4 $5 {In the spirit of the main game.} 10. cxd5 Bxc3+ 11. bxc3 cxd5 12. Ba3
Nb6 13. Qb3 Nc4 {Black has a firm blockade on c4 and the h3-knight is far from
the critical squares. If anything, after making a few constructuve moves (...
b7-b6, ...Ba6) Black can simply take on a3 and play ...Qe7, thus eliminating
the king's isolation in the centre.}) 8... cxd5 9. Qb3 h6 10. Nh3 Nb6 11. O-O
Be7 12. Bf4 O-O 13. Be5 Nh5 14. Rfc1 Bd6 15. Bxd6 Qxd6 16. Nb5 Qd8 17. f3 exf3
18. exf3 Nc4 19. Nf2 Nf6 20. Nc3 Be6 21. Nd3 Na5 22. Qd1 Qb6 23. Ne2 Bf5 {
Zhao,Z (2564)-Kazhgaleyev,M (2573) Sydney 2015 (0-1, 61), and Black has little
to fear.}) (7. Nd2 d5 8. cxd5 cxd5 9. Qb3 Nb6 10. f3 exf3 11. Nxf3 Be7 12. O-O
O-O 13. a4 Nc4 14. Ng5 h6 15. Nh3 {We can notice that White has wasted a lot
of time with moving this knight around.} Na5 16. Qd1 Bxh3 17. Bxh3 Qb6 18. e3
Rad8 $11 {Portisch,L (2625)-Qi,J Luzern 1985 (½-½, 46)}) 7... d5 ({The only
way of avoiding this is} 7... Nb6 8. Nxe4 $5 (8. b3 d5 9. c5 h6 10. f3 g5 11.
fxe4 gxh4 12. e5 Ne4 13. Bxe4 dxe4 14. cxb6 Bb4 $13 {Ninov,K (2395)-Ikonnikov,
V (2485) Douai 1993 (0-1, 25)}) 8... Nxe4 9. Bxe4 Nxc4 10. d5 Qa5+ 11. Kf1 Bh3+
({This only helps White continuing his regrouping, but Black needs to deal
with the pressure on c6. If} 11... Qb4 {[%csl Re4][%cal Gc4d2,Gc4e3]} 12. Qc2
$14) 12. Bg2 Bxg2+ 13. Kxg2 Qxd5+ 14. Qxd5 cxd5 15. Rd1 (15. b3 Nb6 16. Bb2 $16
) 15... g6 16. Rxd5 $14 {Fominyh,A (2515)-Prokopchuk,E (2365) Kazan 1995 CBM
051 [Ribli,Z] (1-0, 39)}) 8. O-O Bb4 (8... g6 $146 9. cxd5 cxd5 10. Qb3 Nb6 11.
f3 exf3 12. Nxf3 Bg7 13. Qb4 $5 $14 {[%cal Gf3e5]}) (8... Nb6 {saves White the
tempo b2-b3 with respect to a line above.} 9. c5 Nc4 $2 ({The knight stands
awfully bad here, the same as after} 9... Nbd7 $6 10. f3 exf3 11. exf3 Be7 12.
Nf5 $16) ({The only chance for a normal position is the familiar} 9... h6 10.
cxb6 g5 11. Nf3 exf3 12. exf3 axb6 13. f4 g4 14. Qd3 Be7 15. Bd2 O-O $6 16. f5
$36) 10. b3 Na5 11. f3 exf3 12. exf3 Be7 13. Re1 O-O 14. Qd3 g6 15. Bg5 $16 {
[%csl Ga5] Romanishin,O (2579)-Werner,C (2395) Vlissingen 2001 (1-0, 22)}) 9.
cxd5 (9. f3 exf3 10. Bxf3 Qa5 $6 ({Black wastes too much time.} 10... Bxc3 11.
bxc3 O-O {is likely to lead to similar play as in the main game.}) 11. e4 $5 {
Not the only move, but quite a principled one!} Bxc3 12. exd5 Bb4 13. Qe2+ (13.
dxc6 $1 bxc6 14. a3 O-O 15. Bf4 Be7 16. Re1 Qd8 17. Nf5 Re8 18. Bxc6 $16) 13...
Kd8 14. c5 Re8 {It appears that the check on e2 has just helped Black with his
development.} 15. Qg2 cxd5 $13 {½-½ (41) Jussupow,A (2575)-Vaganian,R (2565)
Moscow (Russia) 1981}) (9. Qb3 Bxc3 10. bxc3 Nb6 11. cxd5 cxd5 (11... Qxd5 $5 {
is another way of playing for a blockade.}) 12. f3 exf3 $2 (12... O-O $5 {
may be better, as after the critical} 13. Bg5 {Black can try} e3 $5 14. Bxe3
Re8 15. Bg5 h6 16. Bxf6 Qxf6 17. e4 g5 18. Nf5 Bxf5 19. exf5 Re2 $132) 13. Rxf3
$1 Ne4 14. Ba3 $16 Nd2 15. Qb5+ Qd7 16. Re3+ Kd8 17. Be7+ Kc7 18. Qc5+ Qc6 19.
Bd6+ Kd8 20. Bf4 Ne4 21. Bxe4 dxe4 22. Qg5+ $18 {Keene,R-Minic,D Zagreb 1975 
(1-0, 28)}) 9... cxd5 10. f3 $146 {White cannot do without this move anyway.} (
10. Nf5 {led to apparently pleasant play on the dark squares, without solving
the problem of the bishop on g2.} O-O 11. Qb3 Bxc3 12. Qxc3 Nb6 13. Ne3 Be6 14.
b3 Qd7 15. a4 Rfc8 16. Qb4 Rc6 17. Ba3 a5 18. Qd2 $13 {Kovalenko,I (2642)
-Kabanov,N (2501) Moscow 2014 (0-1, 57)}) 10... Bxc3 11. bxc3 O-O 12. Ba3 Re8 {
An interesting position has arisen. White has active play, but if Black
manages to keep up the blockade on the light squares the future will be his.}
13. Nf5 Nb6 (13... exf3 14. exf3 Nb6 {is also possible.} 15. Nd6 Re6 16. Nxc8
Nxc8 17. Bh3 Re8 18. Qb3 Nb6 19. Rae1 Nc4 {The strong knight on c4 may
compensate for the bishop pair.}) 14. Nd6 {The game becomes very complicated
and for Black it will be not easy to decide between alternatives with similar
merits.} Nc4 $5 (14... Re6 $5 15. fxe4 dxe4 (15... Rxd6 $2 16. Bxd6 $16 Qxd6 $2
17. e5 $18) 16. c4 Rxd6 17. Bxd6 Nxc4 (17... Qxd6 18. c5 $14) 18. Bf4 Qd5 $44 {
Black has a pawn for the exchange and an excellent blockade on the light
squares.}) 15. Nxc4 ({If} 15. Nxe8 Qxe8 16. Bc1 (16. Qb3 Nd2) 16... e3 $44 {
White would be almost paralysed, making his material advantage irrelevant, at
least at this stage of the game.}) 15... dxc4 (15... exf3 16. Rxf3 dxc4 17. Qc2
Qa5 {[%cal Ga5h5]} 18. Bc5 $5 {offers White chances to start advancing his
centre with e2-e4.}) 16. fxe4 Nxe4 17. Qc2 Qd5 $1 {The best way of keeping the
blockade.} (17... f5 $2 {weakens the kingside offering White a clear target on
f5.} 18. Rf4 Qd5 19. Raf1 Bd7 20. g4 $16) {After the last move the position
starts looking promising for Black, as White has no obvious way of questioning
his stability on the light squares. This induced Aronian to go for a thematic,
but apparently unsound, combination.} 18. Rxf7 $5 (18. Rf4 Bf5 19. Raf1 Bg6 $15
) (18. Rf3 $5 Bf5 19. Raf1 Bg6 20. Re3 Re6 21. Rf4 Rae8 {and the position is
balanced, as none of the players has obvious ways of making progress. But in
principle, it may be only Black who could have some hopes.}) 18... Kxf7 (18...
Qxf7 19. Bxe4 Qh5 {is unclear, but the game move should offer an advantage.})
19. Rf1+ Bf5 $1 (19... Kg8 20. Bxe4 Qh5 (20... Qxe4 $2 21. Qxe4 Rxe4 22. Rf8#)
21. Rf4 {is similar to the line above, but with an extra tempo for White, who
already has the initiative. He could later look for a way to set his centre in
motion.}) (19... Kg6 20. Rf4 $16 {[%cal Gc2g6] retrieves part of the material.}
Bf5 $2 21. g4 $18) 20. g4 g6 21. Qc1 Kg7 {This is not a mistake yet, but it
marks the start of Grischuk's losing sequence. He has got a great position by
playing on the light squares and now he stops doing that.} (21... Re6 $1 22.
Qh6 Kg8 $17 {leaves White with no obvious compensation for the exchange.}) 22.
gxf5 gxf5 23. Bxe4 fxe4 (23... Rxe4 24. Qg5+ Kh8 25. Qf6+ Kg8 26. Rxf5 Rg4+ 27.
Kf2 Rg2+ 28. Kf1 Qe4 29. Qf7+ Kh8 {White can force a draw by perpetual or else
try} 30. Re5 Qg6 31. Qxg6 Rxg6 $13 {with good compensation for the exchange.})
24. Qf4 h6 $1 {Clearing the h7-square for the king.} 25. Qc7+ Kh8 $6 {Now
White gets full compensation for the exchange as the black king is not secure.}
(25... Kg8 $6 {has the same problem:} 26. Kf2 $1 {[%cal Gf1g1]} Qf7+ 27. Qxf7+
Kxf7 28. Ke3+ Kg6 29. Bd6 Rad8 30. Be5 $44) ({Once again, the light squares
would have ensured Black an advantage:} 25... Kg6 $1 26. Kf2 e3+ 27. Ke1 Rad8
28. Rg1+ Kh5 $1 29. Qf4 Rg8 $17 {and White has no threats, as his beautiful
bishop is a mere spectator.}) 26. Bd6 Rg8+ 27. Kf2 $1 Rg6 28. Be5+ Kg8 29. Ke3
$3 {Unlike his rival, the white king has no fear of advancing on the dark
squares. The e4-pawn offers him perfect defence and in the endgame he could
even take it.} Rd8 $4 {The fatal move on a dark square!} (29... Rf8 $2 {
is similar from all points of view even though objectively less bad as the
game move.} 30. Qe7 $1 Qd8 (30... Rxf1 31. Qe8+ Rf8 32. Qxg6#) 31. Rxf8+ Qxf8
32. Qxb7 $16) (29... Re8 $5 30. h4 {and unexpectedly} Rf8 $5 {works now} (30...
h5 $11 {is also good.}) 31. Qe7 Rg3+ $1 32. Bxg3 Rxf1 33. Qe8+ Kh7 34. Bf4 $11
{After cutting the rook off, White can start giving perpetual check or if} Rg1
35. Be5 $1 Rf1 36. Bf4 $11) ({Even a neutral move such as} 29... b5 {would
have maintained approximate equality:} 30. Qe7 Qe6 31. Qb7 Rd8 32. Qxe4 a6 $5 {
and White has no obvious progress despite his central domination.}) 30. Qe7 $3
{Suddenly Black is completely paralysed} b5 (30... Qd7 31. Rf8+ $1) ({Black
does not have the time to repair his mistake with} 30... Rc8 {[%cal Gd5e6] due
to} 31. Rf6 $1 Rxf6 32. Qxf6 {[%csl Gc7]} Qd7 33. Qg6+ Kf8 34. Bd6+ {wins the
queen.}) 31. h4 $1 {[%csl Rg6][%cal Gh4h5]} ({With the rook on d8} 31. Rf6 {
does not offer anything due to} Rxf6 32. Qxf6 Rd7 $11) 31... a5 (31... h5 32.
Rf5 {[%cal Gf5h5]} Rg3+ 33. Bxg3 Qxf5 34. Qxd8+) 32. h5 Rg5 33. Rf6 {[%cal
Gf6h6]} Rxe5 34. Rg6+ (34. Rg6+ Kh8 35. Qg7#) 1-0

[Event "Wch Rapid"]
[Site "St Petersburg"]
[Date "2018.12.26"]
[Round "1"]
[White "Popov, Valerij"]
[Black "Grischuk, Alexander"]
[Result "0-1"]
[WhiteElo "2532"]
[BlackElo "2771"]
[PlyCount "114"]
[EventDate "2018.12.26"]
[EventType "swiss (rapid)"]
[EventRounds "15"]
[EventCountry "RUS"]
[SourceTitle "CBM 187 Extra"]
[Source "ChessBase"]
[SourceDate "2018.11.04"]
[SourceVersion "1"]
[SourceVersionDate "2018.11.04"]
[SourceQuality "1"]

1. Nf3 Nf6 2. c4 g6 3. Nc3 Bg7 4. e4 d6 5. d4 O-O 6. Be2 e5 7. O-O Nc6 8. d5
Ne7 9. a4 a5 10. Ne1 Nd7 11. Nd3 f5 12. f3 Kh8 13. Be3 b6 14. g4 Ng8 15. Qd2 f4
16. Bf2 h5 17. h3 Nc5 18. Nxc5 bxc5 19. Nb5 Bh6 20. Ra3 Nf6 21. Qe1 Rf7 22. Bh4
g5 23. Bf2 Rh7 24. Kg2 Bd7 25. Rd3 Be8 26. Rg1 Bf8 27. Rd1 Qd7 28. Kf1 Bg6 29.
Bd3 Be7 30. Ke2 Kg7 31. Qd2 hxg4 32. hxg4 Rh3 33. Rde1 c6 34. dxc6 Qxc6 35. Nc3
Rah8 36. b3 Qd7 37. Bc2 Rh2 38. Qd1 R8h3 39. Nd5 Nxd5 40. Qxd5 Bf7 41. Qd2 Qd8
42. Ref1 Be6 43. Qe1 Qh8 44. Qc3 Rg3 45. Ke1 Rxf2 46. Kxf2 Qh2+ 47. Ke1 Rxg1
48. Rxg1 Qxg1+ 49. Ke2 Kf7 50. Bd1 Qd4 51. Qxa5 Bxg4 52. fxg4 Qxe4+ 53. Kd2
Qd4+ 54. Kc2 e4 55. Qa8 f3 56. Qc8 Bf6 57. Qd7+ Kg6 0-1

[Event "Wch Rapid"]
[Site "St Petersburg"]
[Date "2018.12.26"]
[Round "2"]
[White "Grischuk, Alexander"]
[Black "Tsydypov, Zhamsaran"]
[Result "0-1"]
[WhiteElo "2771"]
[BlackElo "2529"]
[PlyCount "108"]
[EventDate "2018.12.26"]
[EventType "swiss (rapid)"]
[EventRounds "15"]
[EventCountry "RUS"]
[SourceTitle "CBM 187 Extra"]
[Source "ChessBase"]
[SourceDate "2018.11.04"]
[SourceVersion "1"]
[SourceVersionDate "2018.11.04"]
[SourceQuality "1"]

1. e4 c5 2. Nf3 d6 3. Bb5+ Nd7 4. O-O Ngf6 5. Re1 a6 6. Bf1 g6 7. c3 Bg7 8. d4
O-O 9. e5 Ne8 10. Bg5 dxe5 11. dxe5 Nc7 12. Qc1 b5 13. Bh6 Bb7 14. Bxg7 Kxg7
15. Nbd2 Ne6 16. b3 Qc7 17. Qc2 Rfd8 18. a4 Bc6 19. g3 Nb6 20. Bh3 Bd7 21. Bg2
Rac8 22. axb5 axb5 23. Ne4 h6 24. Rad1 Bc6 25. Bh3 Rxd1 26. Rxd1 Bd5 27. Ned2
Qc6 28. Nh4 Rd8 29. Re1 c4 30. b4 Na4 31. Re3 Ng5 32. Bf1 Qe6 33. f4 Qb6 34.
Kf2 Ne4+ 35. Nxe4 Bxe4 36. Qc1 Qa7 37. Be2 Bd3 38. Bf3 Nb6 39. Ng2 Qa2+ 40. Kg1
Na4 41. e6 f6 42. Bd1 Qb2 43. Qxb2 Nxb2 44. Bf3 Na4 45. Re1 Nxc3 46. Bc6 Ne2+
47. Kf2 Nd4 48. Bf3 c3 49. Ne3 c2 50. Bd5 Ne2 51. Nxc2 Rxd5 52. Ne3 Rd4 53. Ra1
Rd6 54. Ra3 f5 0-1

[Event "Wch Rapid"]
[Site "St Petersburg"]
[Date "2018.12.26"]
[Round "3"]
[White "Tregubov, Pavel V"]
[Black "Grischuk, Alexander"]
[Result "0-1"]
[WhiteElo "2592"]
[BlackElo "2771"]
[PlyCount "96"]
[EventDate "2018.12.26"]
[EventType "swiss (rapid)"]
[EventRounds "15"]
[EventCountry "RUS"]
[SourceTitle "CBM 187 Extra"]
[Source "ChessBase"]
[SourceDate "2018.11.04"]
[SourceVersion "1"]
[SourceVersionDate "2018.11.04"]
[SourceQuality "1"]

1. d4 Nf6 2. c4 g6 3. g3 Bg7 4. Bg2 O-O 5. Nc3 d6 6. Nf3 Nbd7 7. O-O e5 8. e4
exd4 9. Nxd4 Re8 10. Rb1 Nc5 11. f3 c6 12. Be3 Qc7 13. Qd2 b6 14. b4 Ne6 15. b5
Nxd4 16. Bxd4 Be6 17. bxc6 Qxc6 18. Nd5 Nd7 19. Bxg7 Kxg7 20. f4 Rac8 21. Rbc1
f6 22. Kh1 Qc5 23. Rfd1 Bg4 24. Re1 Be6 25. Qb2 Bxd5 26. cxd5 Qa5 27. g4 h6 28.
Rf1 Rxc1 29. Rxc1 Rc8 30. Rf1 Qc3 31. Qb5 Rc7 32. Qe2 Qc2 33. Qe1 Qb2 34. g5
hxg5 35. fxg5 fxg5 36. Qg3 Qe5 37. Qf2 Nf6 38. h3 Rc8 39. Kg1 Rc5 40. Qd2 Rc3
41. Rc1 Rc5 42. Rxc5 bxc5 43. Qa5 Qe7 44. Qa4 g4 45. e5 Qxe5 46. hxg4 Kh6 47.
Qd1 Qd4+ 48. Qxd4 cxd4 0-1

[Event "Wch Rapid"]
[Site "St Petersburg"]
[Date "2018.12.26"]
[Round "4"]
[White "Grischuk, Alexander"]
[Black "Rakhmanov, Alexander"]
[Result "1-0"]
[WhiteElo "2771"]
[BlackElo "2629"]
[PlyCount "129"]
[EventDate "2018.12.26"]
[EventType "swiss (rapid)"]
[EventRounds "15"]
[EventCountry "RUS"]
[SourceTitle "CBM 187 Extra"]
[Source "ChessBase"]
[SourceDate "2018.11.04"]
[SourceVersion "1"]
[SourceVersionDate "2018.11.04"]
[SourceQuality "1"]

1. Nf3 Nf6 2. g3 g6 3. c4 c6 4. b3 Bg7 5. Bb2 O-O 6. Bg2 d5 7. O-O Bg4 8. d3
Bxf3 9. Bxf3 Nbd7 10. Nd2 e6 11. Qc2 Ne8 12. d4 Nd6 13. e3 f5 14. Ba3 Nf6 15.
Bg2 Nfe4 16. Nf3 Qa5 17. Bb2 Nf7 18. a4 Rfc8 19. Rfd1 Qd8 20. Ne1 a5 21. Nd3 g5
22. f3 Nf6 23. Nf2 h5 24. e4 dxe4 25. fxe4 Qd7 26. Qe2 Re8 27. e5 Ng4 28. Nd3
Qc7 29. h3 Ngh6 30. Qxh5 Qb6 31. Ra3 Rad8 32. c5 Qc7 33. Raa1 g4 34. Nf4 Qe7
35. Bc3 gxh3 36. Bxh3 Bxe5 37. Ng6 Qg5 38. Qxg5 Nxg5 39. Nxe5 Nxh3+ 40. Kg2 Ng5
41. Bxa5 Rd5 42. Bd2 Nhf7 43. Bxg5 Nxg5 44. b4 Nf7 45. Ng6 Kg7 46. Nf4 Rd7 47.
b5 Kf6 48. bxc6 bxc6 49. a5 Ra8 50. Ra4 Rb7 51. Rd2 Ng5 52. a6 Rb3 53. Rda2 Ne4
54. R4a3 Rb4 55. Ne2 e5 56. dxe5+ Kxe5 57. a7 Rb5 58. Ra6 Kd5 59. Nf4+ Kxc5 60.
Ne6+ Kd6 61. Nd4 Rc5 62. Rb2 Kd5 63. Rb8 Kxd4 64. Rxa8 Rc2+ 65. Kh3 1-0

[Event "Wch Rapid"]
[Site "St Petersburg"]
[Date "2018.12.26"]
[Round "5"]
[White "Sargissian, Gabriel"]
[Black "Grischuk, Alexander"]
[Result "1/2-1/2"]
[WhiteElo "2689"]
[BlackElo "2771"]
[PlyCount "23"]
[EventDate "2018.12.26"]
[EventType "swiss (rapid)"]
[EventRounds "15"]
[EventCountry "RUS"]
[SourceTitle "CBM 187 Extra"]
[Source "ChessBase"]
[SourceDate "2018.11.04"]
[SourceVersion "1"]
[SourceVersionDate "2018.11.04"]
[SourceQuality "1"]

1. d4 Nf6 2. Nf3 g6 3. g3 c5 4. c4 Bg7 5. Bg2 cxd4 6. Nxd4 O-O 7. O-O d5 8.
cxd5 Nxd5 9. Nb5 Be6 10. Nd4 Bc8 11. Nb5 Be6 12. Nd4 1/2-1/2

[Event "Wch Rapid"]
[Site "St Petersburg"]
[Date "2018.12.27"]
[Round "6"]
[White "Grischuk, Alexander"]
[Black "Savchenko, Boris"]
[Result "1/2-1/2"]
[WhiteElo "2771"]
[BlackElo "2562"]
[PlyCount "79"]
[EventDate "2018.12.26"]
[EventType "swiss (rapid)"]
[EventRounds "15"]
[EventCountry "RUS"]
[SourceTitle "CBM 187 Extra"]
[Source "ChessBase"]
[SourceDate "2018.11.04"]
[SourceVersion "1"]
[SourceVersionDate "2018.11.04"]
[SourceQuality "1"]

1. e4 c5 2. Nc3 Nc6 3. Nf3 g6 4. d4 cxd4 5. Nxd4 Bg7 6. Be3 Nf6 7. Bc4 O-O 8.
Bb3 d6 9. f3 Bd7 10. Qd2 Nxd4 11. Bxd4 b5 12. a4 bxa4 13. Bxa4 Be6 14. O-O Qc7
15. Rfc1 Qb7 16. Nd1 Rfc8 17. Ne3 Bh6 18. Ra3 Rc4 19. Bb3 Qb4 20. Qxb4 Rxb4 21.
Bxe6 Rxd4 22. Ba2 Rb8 23. Re1 Rxb2 24. Bb3 Bxe3+ 25. Rxe3 Rd1+ 26. Kf2 e6 27.
Rxa7 d5 28. exd5 Nxd5 29. Re1 Rd2+ 30. Re2 Rxe2+ 31. Kxe2 Nf4+ 32. Kf2 Nd3+ 33.
Ke3 Nc5 34. Kd4 Nxb3+ 35. Kc3 Rb1 36. cxb3 Rc1+ 37. Kd3 Rd1+ 38. Kc3 Rc1+ 39.
Kd3 Rd1+ 40. Kc3 1/2-1/2

[Event "Wch Rapid"]
[Site "St Petersburg"]
[Date "2018.12.27"]
[Round "7"]
[White "Alekseev, Evgeny V"]
[Black "Grischuk, Alexander"]
[Result "1/2-1/2"]
[WhiteElo "2639"]
[BlackElo "2771"]
[PlyCount "74"]
[EventDate "2018.12.26"]
[EventType "swiss (rapid)"]
[EventRounds "15"]
[EventCountry "RUS"]
[SourceTitle "CBM 187 Extra"]
[Source "ChessBase"]
[SourceDate "2018.11.04"]
[SourceVersion "1"]
[SourceVersionDate "2018.11.04"]
[SourceQuality "1"]

1. Nf3 Nf6 2. c4 g6 3. Nc3 Bg7 4. g3 O-O 5. Bg2 d6 6. O-O e5 7. d3 Re8 8. Rb1
a5 9. Nd2 Nbd7 10. a3 h5 11. b4 axb4 12. axb4 h4 13. Nde4 Nh7 14. Bb2 f5 15.
Nd2 Ndf6 16. b5 hxg3 17. hxg3 Ng4 18. Nf3 Be6 19. Nh2 Nxh2 20. Kxh2 Rb8 21. Bd5
Qd7 22. Kg2 c6 23. Bxe6+ Qxe6 24. Qb3 Nf6 25. Bc1 Rbc8 26. Bd2 d5 27. bxc6 bxc6
28. cxd5 cxd5 29. Rfc1 f4 30. f3 g5 31. Qb6 Rc6 32. Qb5 Rec8 33. Na4 Nh5 34.
Rxc6 Qxc6 35. Qxc6 Rxc6 36. gxf4 Rc2 37. Rb2 Rxb2 1/2-1/2

[Event "Wch Rapid"]
[Site "St Petersburg"]
[Date "2018.12.27"]
[Round "8"]
[White "Grischuk, Alexander"]
[Black "Potkin, Vladimir"]
[Result "0-1"]
[WhiteElo "2771"]
[BlackElo "2597"]
[PlyCount "98"]
[EventDate "2018.12.26"]
[EventType "swiss (rapid)"]
[EventRounds "15"]
[EventCountry "RUS"]
[SourceTitle "CBM 187 Extra"]
[Source "ChessBase"]
[SourceDate "2018.11.04"]
[SourceVersion "1"]
[SourceVersionDate "2018.11.04"]
[SourceQuality "1"]

1. Nf3 d5 2. g3 g6 3. c4 dxc4 4. Na3 Nc6 5. Nxc4 Bg7 6. d3 e5 7. Bd2 Nge7 8. h4
Bg4 9. Bg2 O-O 10. Ne3 Bd7 11. h5 Nd4 12. hxg6 hxg6 13. Nc4 Bc6 14. e4 Nxf3+
15. Qxf3 Nf5 16. g4 Nh4 17. Rxh4 Qxh4 18. O-O-O f5 19. gxf5 Rxf5 20. Qe3 Rh5
21. Bf3 Bh6 22. Qc5 Bxd2+ 23. Rxd2 Rg5 24. Nxe5 Qf4 25. Qc4+ Kg7 26. Nxc6 bxc6
27. Qc3+ Kh6 28. Bd1 Rg2 29. Qc5 Rf8 30. Kc2 Rxf2 31. Be2 Rh2 32. Qxa7 Qg5 33.
Qd4 c5 34. Qc3 Qe3 35. Kd1 Rh1+ 36. Kc2 Rh2 37. Kd1 Qg1+ 38. Kc2 Qd4 39. Bd1
Rff2 40. Rxf2 Rxf2+ 41. Kb3 c4+ 42. Qxc4 Qxb2+ 43. Ka4 Qxa2+ 44. Kb5 Rb2+ 45.
Kc6 Rb6+ 46. Kc5 Qa5+ 47. Kd4 Qa1+ 48. Ke3 Qxd1 49. Qxc7 Qg1+ 0-1

[Event "Wch Rapid"]
[Site "St Petersburg"]
[Date "2018.12.27"]
[Round "9"]
[White "Roiz, Michael"]
[Black "Grischuk, Alexander"]
[Result "0-1"]
[WhiteElo "2605"]
[BlackElo "2771"]
[PlyCount "92"]
[EventDate "2018.12.26"]
[EventType "swiss (rapid)"]
[EventRounds "15"]
[EventCountry "RUS"]
[SourceTitle "CBM 187 Extra"]
[Source "ChessBase"]
[SourceDate "2018.11.04"]
[SourceVersion "1"]
[SourceVersionDate "2018.11.04"]
[SourceQuality "1"]

1. Nf3 Nf6 2. c4 g6 3. Nc3 Bg7 4. e4 d6 5. d4 O-O 6. Be2 e5 7. O-O c6 8. Qc2
exd4 9. Nxd4 Re8 10. Bg5 Qe7 11. Rad1 Na6 12. f3 h6 13. Be3 Kh7 14. Rfe1 d5 15.
cxd5 Nb4 16. Qd2 Nbxd5 17. Nxd5 Nxd5 18. Bf2 Nc7 19. Bc4 c5 20. Nb5 Nxb5 21.
Bxb5 Rf8 22. Bc4 b6 23. b3 Be6 24. Bxe6 fxe6 25. Qd7 Rf7 26. Qxe7 Rxe7 27. Rd3
Kg8 28. Kf1 Kf7 29. Ke2 Rc8 30. Rc1 Ke8 31. a4 Rd7 32. Rxd7 Kxd7 33. a5 Kc6 34.
axb6 axb6 35. b4 Ra8 36. bxc5 Ra2+ 37. Kf1 b5 38. e5 Bxe5 39. Re1 Ra1 40. Rxa1
Bxa1 41. Ke2 Bf6 42. Kd3 Kd5 43. Be3 h5 44. h3 Be7 45. Kc3 Bxc5 46. Bd2 b4+ 0-1